التنظيم القانوني للمنظمة العالمية للمناطق الحرة في عالم الاقتصاد / (رقم التسجيلة. 42237)

تفاصيل مارك
000 -الفاتح
حقل البيانات ثابتة الطول 01253nam a22002897a 4500
003 - محدد رقم الضبط
رقم الضبط OSt
005 - وقت وتاريخ اخر تعامل مع التسجيلة
رقم الضبط 20180426153545.0
008 - عناصر البيانات ثابتة الطول - معلومات عامة
حقل البيانات ثابتة الطول 170817s2018 ua g b 000 0 ara d
020 ## - الرقم الدولى المعيارى للكتب
الرقم الدولى المعيارى للكتاب 9789773794200
040 ## - مصدر الفهرسة
وكالة الفهرسة الأصلية Ma-Un
لغة الفهرسة ara
وكالة النسخ Dar Arab
082 04 - رقم تصنيف ديوى العشرى
رقم الطبعة 21
رقم التصنيف 343.07
رقم المادة ع ل ت
100 1# - المدخل الرئيسى - إسم شخصى
9 (RLIN) 61290
الإسم الشخصى عبد القادر، لطرش علي عيسى
245 12 - بيان العنوان
العنوان التنظيم القانوني للمنظمة العالمية للمناطق الحرة في عالم الاقتصاد /
بيان المسئوليه,etc لطرش علي عيسى عبد القادر.
250 ## - بيان الطبعة
بيان الطبعة ط. 1.
260 ## - PUBLICATION, DISTRIBUTION, ETC. (IMPRINT)
مكان الناشر او الموزع الإسكندرية، مصر :
اسم الناشر او الموزع دار الفكر االجامعي،
تاريخ النشر أو التوزيع 2018.
300 ## - الوصف المادى
التعداد 206 ص. ؛
أبعاد الوعاء 24 سم.
500 ## - تبصرة عامة
تبصرة عامة ملاحق : ص. 167-199.
504 ## - تبصرة ببليوجرافية
تبصرة ببليوجرافية,الخ يشتمل على إرجاعات ببليوجرافية.
504 ## - تبصرة ببليوجرافية
تبصرة ببليوجرافية,الخ ببليوجرافية : ص. 161-166.
650 #4 - المدخل الاضافى بالموضوع-مصطلح موضوعى
مصطلح موضوعي أو اسم جغرافي كعنصر مدخل المناطق الحرة
التقسيم الفرعي العام قوانين وتشريعات
9 (RLIN) 60095
650 #4 - المدخل الاضافى بالموضوع-مصطلح موضوعى
مصطلح موضوعي أو اسم جغرافي كعنصر مدخل الاستثمار
التقسيم الفرعي العام جوانب اقتصادية
9 (RLIN) 63148
650 #4 - المدخل الاضافى بالموضوع-مصطلح موضوعى
مصطلح موضوعي أو اسم جغرافي كعنصر مدخل الجمارك
التقسيم الفرعي العام قوانين وتشريعات
9 (RLIN) 54566
650 #4 - المدخل الاضافى بالموضوع-مصطلح موضوعى
مصطلح موضوعي أو اسم جغرافي كعنصر مدخل العلاقات الاقتصادية الدولية
9 (RLIN) 63149
942 ## - عناصر المدخل الإضافي( كوها)
Koha [default] item type كتاب
949 ## - معلومات معالجة محلية(OCLC)
a ALGU
d 15/05/2009
i DA8707-8
n 1
u system.
949 ## - معلومات معالجة محلية(OCLC)
a ARUC
n 1
d 2011/9/11
u training
المقتنيات
حالة الفقد نموذج السعر الفعال حالة تلف ليس للاعارة رقم الطلب رقم النسخة تاريخ الاكتساب الموقع الحالي الباركود الفرع الرئيسي Date last seen نوع المادة فى نظام كوها مصدر التصنيف او خطة الترفيف Total Checkouts محددات الاستخدام
  2018-04-26   Not For Loan 343.07 ع ل ت 1 2018-04-26 المكتبة المركزية بالمجمعة (CL) 00245382 المكتبة المركزية بالمجمعة (CL) 2018-04-26 كتاب Dewey Decimal Classification    
  2018-04-26     343.07 ع ل ت 2 2018-04-26 المكتبة المركزية بالمجمعة (CL) 00245381 المكتبة المركزية بالمجمعة (CL) 2018-04-26 كتاب Dewey Decimal Classification    
  2018-04-26     343.07 ع ل ت 3 2018-04-26 المكتبة المركزية بالمجمعة (CL) 00245380 المكتبة المركزية بالمجمعة (CL) 2018-04-26 كتاب Dewey Decimal Classification    
  2018-04-26   Not For Loan 343.07 ع ل ت 1 2018-04-26 كلية الشريعة والقانون - طلاب 00245377 كلية الشريعة والقانون - طلاب 2018-04-26 كتاب Dewey Decimal Classification    
  2018-04-26     343.07 ع ل ت 2 2018-04-26 كلية الشريعة والقانون - طلاب 00245376 كلية الشريعة والقانون - طلاب 2018-04-26 كتاب Dewey Decimal Classification    
  2018-04-26   Not For Loan 343.07 ع ل ت 1 2018-04-26 مكتبة مجمع الكليات بالزلفى - طلاب (SZM) 00245379 مكتبة مجمع الكليات بالزلفى - طلاب (SZM) 2018-04-26 كتاب Dewey Decimal Classification    
  2018-04-26     343.07 ع ل ت 2 2018-04-26 مكتبة مجمع الكليات بالزلفى - طلاب (SZM) 00245378 مكتبة مجمع الكليات بالزلفى - طلاب (SZM) 2018-04-26 كتاب Dewey Decimal Classification